Eripe - Odium - Statystyki

Ogólne statystyki
  • Ten quiz został rozwiązany 4 razy
  • Średni wynik to 4 z 7
Statystyki odpowiedzi
Odium % Poprawnych
Apogeum wku****nia
100%
Jestem ch*jem
100%
Nowoczesny świat
75%
Gardzę samobójcami
50%
Punchline - redefinicja
50%
Inwazja na rap (100 linijek szaleństwa 2)
25%
Piękni, słoneczny dzień
0%
Nie znaleziono quizów pasujących do podanych kryteriów
Rozkład punktacji
Procent ludzi z każdym wynikiem
Percentyl według liczby udzielonych odpowiedzi
Twoja historia wyników
Nie rozwiązałeś tego quizu